banner

Libro 6: (Registro nro. 1386)

000 -LEADER
fixed length control field 01859nam a2200253 a 4500
003 - CONTROL NUMBER IDENTIFIER
control field AR-BaISA
005 - DATE AND TIME OF LATEST TRANSACTION
control field 20231009163503.0
006 - FIXED-LENGTH DATA ELEMENTS--ADDITIONAL MATERIAL CHARACTERISTICS
fixed length control field a||||fr|||| 00| 0
007 - PHYSICAL DESCRIPTION FIXED FIELD--GENERAL INFORMATION
fixed length control field ta
008 - FIXED-LENGTH DATA ELEMENTS--GENERAL INFORMATION
fixed length control field 230822s2023 ag ||||f |||| 00| 0 spa d
020 ## - INTERNATIONAL STANDARD BOOK NUMBER
International Standard Book Number 9789501201659
040 ## - CATALOGING SOURCE
Language of cataloging spa
Transcribing agency AR-BaISA
082 04 - DEWEY DECIMAL CLASSIFICATION NUMBER
Edition number 22
Classification number 150.195 L115
100 1# - MAIN ENTRY--PERSONAL NAME
9 (RLIN) 2316
Personal name Lacan, Jacques
Relator term aut.
243 ## - COLLECTIVE UNIFORM TITLE
Unifor title El seminario de Jacques Lacan
245 10 - TITLE STATEMENT
Title Libro 6:
Remainder of title el deseo y su interpretación. 1958-1959 /
Statement of responsibility, etc. Jacques Lacan; texto establecido por Jacques-Alalin Miller
260 ## - PUBLICATION, DISTRIBUTION, ETC.
Place of publication, distribution, etc. Buenos Aires:
Name of publisher, distributor, etc. Paidós,
Date of publication, distribution, etc. 2023
300 ## - PHYSICAL DESCRIPTION
Extent 581 p.
505 ## - FORMATTED CONTENTS NOTE
Title Construcción del grafo --
-- Suplemento de explicación --
-- DEL DESEO EN EL SUEÑO:
-- El sueño del padre muerto: "Él no sabía queda estaba muerto" --
-- El sueño de la pequeña Anna --
-- El sueño del padre muerto: "según su anhelo" --
-- Introducción al objeto de deseo --
-- La mediación fálica del deseo --
-- SOBRE UN SUEÑO ANALIZADO POR ELLA SHARPE:
-- El mensaje de la tosecilla --
-- El fantasma del perro que ladra --
-- La imagen del guante dado vuelta --
-- El sacrificio de la dama tabú --
-- La risa de los dioses inmortales --
-- El acto imposible --
-- Atrapadeseos --
-- El deseo de la madre --
-- No hay Otro del Otro --
-- Duelo y deseo --
-- Falofanías --
-- LA DIALÉCTICA DEL DESEO:
-- El fantasma fundamental --
-- La forma del corte --
-- Corte y fantasma --
-- La función de la hendidura subjetiva en el fantasma perverso --
-- La dialéctica del deseo en el neurótico --
-- El o bien...o bien...del objeto --
-- La función del splitting en la perversión --
-- CONCLUSIÓN Y OBERTURA:
-- Hacía la sublimación --
-- ANEXOS:
-- Marginalia del seminario sobre el deseo, por Jacques-Alain Miller
600 10 - SUBJECT ADDED ENTRY--PERSONAL NAME
9 (RLIN) 2316
Personal name Lacan, Jacques
650 10 - SUBJECT ADDED ENTRY--TOPICAL TERM
9 (RLIN) 141
Topical term or geographic name entry element Psicoanálisis
700 ## - ADDED ENTRY--PERSONAL NAME
9 (RLIN) 3031
Personal name Miller, Jacques-Alain
Relator term aut.
942 ## - ADDED ENTRY ELEMENTS (KOHA)
Source of classification or shelving scheme
Koha item type Libros
Edition 22
Existencias
Withdrawn status Lost status Source of classification or shelving scheme Damaged status Not for loan Permanent Location Current Location Date acquired Inventory number Full call number Barcode Date last seen Copy number Price effective from Koha item type
          Biblioteca ISALUD. Dr. Néstor Rodríguez Campoamor Biblioteca ISALUD. Dr. Néstor Rodríguez Campoamor 2023-08-22 5055 150.195 L115 5055 2023-08-22 ej. 1 2023-08-22 Libros
          Biblioteca ISALUD. Dr. Néstor Rodríguez Campoamor Biblioteca ISALUD. Dr. Néstor Rodríguez Campoamor 2023-10-23 5097 150.195 L115 5097 2023-10-23 ej. 2 2023-10-23 Libros
          Biblioteca ISALUD. Dr. Néstor Rodríguez Campoamor Biblioteca ISALUD. Dr. Néstor Rodríguez Campoamor 2023-10-23 5098 150.195 L115 5098 2023-10-23 ej. 3 2023-10-23 Libros
          Biblioteca ISALUD. Dr. Néstor Rodríguez Campoamor Biblioteca ISALUD. Dr. Néstor Rodríguez Campoamor 2023-10-23 5099 150.195 L115 5099 2023-10-23 ej. 4 2023-10-23 Libros